Innovación educativa e historia de las relaciones de género /

Salvato in:
Dettagli Bibliografici
Altri autori: Rosa Cubo, Cristina de la (coordinación) (coordinación)
Natura: Libro
Lingua:spagnolo
Pubblicazione: Valladolid, España : Universidad de Valladolid, 2010, c2010
Serie:(Historia y Sociedad Universidad de Valladolid ; 139)
Soggetti:
Tags: Aggiungi Tag
Nessun Tag, puoi essere il primo ad aggiungerne!!

MARC

LEADER 00000nam^a2200000^a^4500
001 000309931
005 20250521000000.0
009 20260310113002.225
020 |a 978-84-8448-539-1 
037 |a Acervo ITESO - Biblioteca 
041 |a ESP 
082 |a 378. 0082  |b INN 
245 0 0 |a Innovación educativa e historia de las relaciones de género /  |c Coord. y presen. de C. de la Rosa Cubo... [et al.]. 
264 4 |a Valladolid, España :  |b Universidad de Valladolid,  |c 2010, c2010 
300 |a 188 p. 
336 |a texto  |b txt  |2 rdacontenido 
337 |a sin mediación  |b n  |2 rdamedio 
338 |a volumen  |b nc  |2 rdasoporte 
440 1 |a (Historia y Sociedad Universidad de Valladolid ;  |v 139) 
649 |a XX 
650 |a Reyes Franceses 
650 |a Mujeres Españolas -  |x Biografías 
650 |a Mujeres -  |z España -  |x Condiciones Sociales y Culturales 
650 |a Mujeres -  |z España -  |x Historia 
650 |a Género -  |x Tema Principal 
650 |a Liderazgo 
650 |a Administración Educativa 
650 |a Apoyos Didácticos 
650 |a Didáctica 
650 |a Metodología Educativa 
650 |a Proceso Educativo 
650 |a Innovación Educativa 
650 |a Reproducción Humana 
650 |a Violencia Doméstica -  |x Prevención 
650 |a Trajes Típicos -  |z Vejer de la Frontera, España -  |x Historia 
650 |a Literatura de Mujeres -  |z Grecia -  |x Historia y Crítica 
650 |a Literatura de Mujeres -  |z Roma -  |x Historia y Crítica 
650 |a Literatura Griega -  |x Historia y Crítica 
650 |a Literatura Latina -  |x Historia y Crítica 
650 |a Literatura Clásica -  |x Historia y Crítica 
650 |a Medicina -  |z Roma -  |x Historia 
650 |a Medicina Medieval -  |x Historia 
650 |a España -  |x Historia -  |y Casa de Austria, 1516-1700 
650 |a Historia -  |z España -  |x Estudio y Enseñanza 
650 |a Historia -  |x Estudio y Enseñanza -  |x Tema Principal 
650 |a Educación Superior -  |z España -  |x Historia 
650 |a Educación Superior -  |z Europa 
650 |a Educación Superior -  |x Tema Principal 
650 |a Morillas, Cecilia 
600 |a Agreda, María de Jesús de,  |c Sor 
700 |a Rosa Cubo, Cristina de la  |e (coordinación) 
910 |a Fondo General 
920 |a Impresos - Libros 
930 |a Colección General 
905 |a 101 
901 |a 0500196463  |b IT1  |c ACC  |i C125399  |u 20250521 
902 |a https://opac.biblio.iteso.mx/vufind/Record/000309931